BIBLIOTHÈQUE DE LA MAISON DU MEXIQUE

Logo 1 Logo 2

Plan de Ayala (notice nᵒ 3168)

détails MARC
000 -Sello discográfico
campo de control de longitud fija 01364nam a2200301 4500
005 - Identificación de versión
campo de control 20260212094006.0
035 ## - Otros números de control del sistema
Número de control del sistema 24969
099 ## - fechas locales
Tipo de ítem Koha LIBRO
100 ## - Datos de procesamiento general
Datos de procesamiento general 19980407d1985 m y1spay5003 ba
101 ## - Idioma del recurso
Idioma del texto, banda sonora, etc. Español; Castellano
105 ## - Campo de datos codificados: Material textual, monográfico
Datos codificados de monografía a 001zy
200 1# - Título y mención de responsabilidad
Título propio Plan de Ayala
Designación general del material texto impreso
Otra información del título 1911
Primer mención de responsabilidad Advertencia Juan Luis Mutiozábal
205 ## - Declaración de edición
Declaración de edición Edición facsimilar
210 ## - Publicación, distribución, etc.
Lugar de publicación, distribución, etc. México
Nombre del editor, distribuidor, etc. Centro de Estudios de Historia de México, Condumex
Fecha de publicación, distribución, etc. 1985
215 ## - Descripción física
Designación de material específico y extensión del ítem 26 p
Otras características físicas 1 h. pleg., facsímiles
Dimensiones 35 cm
300 ## - Notas generales
Texto de la nota Vigésimo Aniversario de Condumex. Facsímiles de uno de los tantos manuscritos originales del documento y de uno de los primeros impresos del mismo
300 ## - Notas generales
Texto de la nota Plan Libertador de los hijos del Estado de Morelos, afiliados al Ejército Insurgente que defienden el cumplimiento del Plan de San Luis Potosí, con las reformas que ha creido conveniente aumentar en beneficio de la Patria Mexicana
345 ## - Nota de información de adquisición
Fuente de adquisición/dirección de la suscripción [OBSOLETO] Donación de Condumex
600 ## - Nombre personal usado como materia
Elemento de entrada Zapata Salazar
Parte del nombre distinta del elemento de entrada Emiliano
Fechas 1879-1919
Número Koha 2696
607 ## - Nombre geográfico utilizado como tema
Elemento de entrada México
Subdivisión temática Historia
Subdivisión cronológica Revolución, 1910-
Subdivisión temática Fuentes
Número Koha 6712
660 ## - Código de área geográfica
Código MX
702 ## - Nombre personal - Responsabilidad secundaria
Elemento de entrada Mutiozábal V. de L.
Parte del nombre distinta del elemento de entrada Juan Luis
Número Koha 6552
710 ## - Nombre de entidad corporativa - Responsabilidad primaria
Elemento de entrada Centro de Estudios de Historia de México
Adición al nombre o calificador Condumex
Número Koha 763
801 #0 - Fuente de origen
País FR
Agencia cm
Reglas de catalogación (convenciones descriptivas) AFNOR
942 ## - ELEMENTOS DE ENTRADA SECUNDARIOS (KOHA)
Tipo de ítem Koha Livre
Exemplaires
Estatus retirado Estado de daño Estado de pérdida Fuente de la clasificación o esquema de estantería Fecha de adquisición Biblioteca de origen Biblioteca actual Código de barras Precio de reemplazo Signatura topográfica completa No para préstamo Tipo de ítem Koha Nota no pública
      Clasificación Decimal Dewey 12/02/2026 Casa México Paris Casa México Paris 008945 12/02/2026 F972.08 P699 No se presta a domicilio Livre 751145101